000 01383cam a22004097a 4500
003 CHAP
005 20220817043453.0
008 980910d1994 it r 11 spa d
010 _a76146
011 _a77118
020 _a9253035102
035 _a86720
040 _cCHAP
082 0 4 _a614.3
_bC66Y 1994 v.4
110 2 _aFAO. Comisión del Codex Alimentarius
_939482
245 1 0 _aCodex alimentarius :
_balimentos para regímenes especiales (incluidos los alimentos para lactantes y niños
_c/por Comisión del Codex Alimentarius
250 _a2ed.
260 _aRoma :
_bFAO,
_c1994.
300 _a138 p.
410 2 _aFAO
490 0 _aPrograma conjunto FAO/OMS sobre normas alimentarias
_v; 4
590 _aBATCH-UPD
_b10
_c20130110
_lUCH01
_h1128
590 _aBATCH-UPD
_b10
_c20130410
_lUCH01
_h0717
590 _aBATCH-UPD
_b10
_c20130913
_lUCH01
_h2013
590 _aCONVERSION
_b10
_c20130109
_lUCH01
_h1342
650 1 4 _aAditivos alimenticios.
_9907
650 1 4 _aAlimentos balanceados.
_94301
650 1 4 _aAlimentos infantiles.
_94312
650 1 4 _aAlimentos
_xAnálisis.
_94164
710 0 _aFAO.
810 0 _aFAO
830 0 _aPrograma conjunto FAO/OMS sobre normas alimentarias
_v; 4
_992254
901 _aBK
905 _aLilia Sánchez G.
942 _cLIBRO
949 _a614.3 C66Y 1994 v.4
_bBC
_cFAO
_d33724000700290
_eFAO1
_h94129
_i86720
_kDonaciØn
_sb
999 _c76146
_d76146